Chivas - Wszystkie Piosenki - Statystyki

Ogólne statystyki
  • Ten quiz został rozwiązany 12 razy
  • Średni wynik to 20 z 49
Statystyki odpowiedzi
DWADZIEŚCIASIEDEM. % Poprawnych
DEAD2ME
70%
Death note
70%
DWADZIEŚCIAOSIEM.
70%
DWADZIEŚCIASIEDEM.
70%
Młody Say10
70%
narcyz
70%
StaRlink
70%
anyżowe żelki
60%
MOŻE SIĘ POZNAMY
60%
narcyz w klubie
60%
noWy baTmAN
60%
SKIT
60%
To Nie Koniec
60%
TYLKO DIAMENTY SĄ NA ZAWSZE
60%
miałem kolegę bartka
50%
Charger
40%
CHCEMY TEGO WIĘCEJ
40%
drzewko
40%
DWA RAZY TYLE
40%
GEN D
40%
HELLSTAR
40%
jem zimnego tosta
40%
KIEDY NIE MA CIĘ
40%
mam chyba za drogie auto
40%
NAWET NIE WIESZ JAK CHCIAŁBYM MÓC TO POCZUĆ JESZCZE RAZ
40%
NIENAWIDZĘ WARSZAWY!
40%
Odkąd Nauczyłem Się Przeklinać
40%
PÓKI JESTEŚ
40%
RysunKOwY PoTwóR
40%
To Dopiero Początek
40%
XO
40%
Zabij Dla Mnie
40%
zabiłem motyla
40%
Comme Des Garcons
30%
Hellcat Redeye
30%
Metalowy T-Shirt
30%
nóż motylkowy
30%
Generacja Hip Hop
20%
Jakbym miał w ręku klamkę
20%
jesteś najlepszy/najlepsza
20%
koleżanko mojej byłej
20%
Mam Na Twarzy Krew I Tym Razem Nie Jest Sztuczna
20%
Najlepsi Pod Słońcem
20%
OPIUM!
20%
prevka na płytę (młody say10)
20%
Przyjdzie taki dzień gdy będę wolny
20%
kupić jej gaz czy torebka?
10%
to ostatni raz gdy jadę nad bałtyk
10%
Palenia Zabija
0%
Nie znaleziono quizów pasujących do podanych kryteriów
Rozkład punktacji
Procent ludzi z każdym wynikiem
Percentyl według liczby udzielonych odpowiedzi
Twoja historia wyników
Nie rozwiązałeś tego quizu